| 000 | 00780nam a22002057a 4500 | ||
|---|---|---|---|
| 008 | 110811s1966 ua||||| |||| 00| 0 ara d | ||
| 082 |
_222 _a297 _bش ل ت |
||
| 100 | 1 |
_915031 _aشلتوت ، محمود |
|
| 245 |
_aالإسلام : _bعقيدة و شريعة / _cمحمود شلتوت |
||
| 250 | _aط 3. | ||
| 260 |
_aالقاهرة : _bدار القلم ، _c1966. |
||
| 300 |
_a570 ص ؛ _c24 سم. |
||
| 650 |
_913667 _aالإسلام |
||
| 650 |
_916065 _aعلم الكلام |
||
| 650 |
_915034 _aالشريعة الإسلامية |
||
| 650 |
_926658 _aالعقائد الإسلامية |
||
| 653 |
_bGeneral _cAugust2011 |
||
| 942 |
_2ddc _cBB |
||
| 999 |
_c15808 _d15808 |
||